00000000nam##2200000za#4500
0019.699663
003CaOODSP
00520210625000500
007cr |||||||||||
008150407|2008||||xxc|||||o    f|0| 0 eng|d
040 |aCaOODSP|beng
043 |an-cn---
0861 |aH128-1/08-534E-PDF
1101 |aCanada.|bHealth Canada. |bConsumer Product Safety.
24510|aChildren's car seats and booster cushions - how long are they safe? |h[electronic resource]
260 |aOttawa - Ontario : |bHealth Canada. |cc2008.
300 |a1p.|btable, photographs
500 |aThe catalogue number (H128-1/08-534) and ISBN (978-0-662-05668-3) for the bilingual print edition have been incorrectly copied in this electronic publication.
590 |a14-14-Supp|b2014-07-24
69007|aChild safety|2gcpds
69007|aTransport|2gcpds
77508|tPendant combien de temps les sièges d'enfant et les coussins d'appoint sont-ils sécuritaires? |w(CaOODSP)9.643639
7760#|tChildren's car seats and booster cushions - how long are they safe? |w(CaOODSP)9.670073
7760#|tPendant combien de temps les sièges d'enfant et les coussins d'appoint sont-ils sécuritaires? |w(CaOODSP)9.670074
85640|ahttp://publications.gc.ca|qPDF|s479 KB|uhttps://publications.gc.ca/collections/collection_2014/sc-hc/H128-1-08-534-eng.pdf
986 |aHC Pub. 4443